000 00697nam a22001697a 4500
999 _c13156
_d13156
008 190208b ||||| |||| 00| 0 eng d
082 _22018
_aUT 1199
_bC25
100 _aCapulso, Lawrence B.
_936808
245 _aGeneric competitive strategies used by board of Directors of the selected cooperative in Digos City /
_cLawrence B. Capulso, Harold A. Cabrera, and April Joy L. Muit
260 _aDigos City:
_bUMDC
_cNovember 2018.
300 _a66 pages;
_c30 cm.
650 _aBusiness Administration
_vFinancial Management
_xUndergraduate thesis.
_936809
700 _aCapulso, Lawrence B.
_936808
700 _aCabrera, Harold A.
_936810
700 _aMuit, April Joy L.
_936811
942 _2ddc
_cUT